<?xml version="1.0" encoding="UTF-8"?>
<collection xmlns="http://www.loc.gov/MARC21/slim">
 <record>
  <leader>01036cam a2200289 a 4500</leader>
  <controlfield tag="001">EEA.libagro010659</controlfield>
  <controlfield tag="005">20181010111058.0</controlfield>
  <controlfield tag="008">080609s2009####flua#####b####001#0#eng##</controlfield>
  <datafield tag="010" ind1=" " ind2=" ">
   <subfield code="a">  2008025441</subfield>
  </datafield>
  <datafield tag="020" ind1=" " ind2=" ">
   <subfield code="a">9780415407717</subfield>
  </datafield>
  <datafield tag="040" ind1=" " ind2=" ">
   <subfield code="a">DLC</subfield>
   <subfield code="c">DLC</subfield>
   <subfield code="d">DLC</subfield>
  </datafield>
  <datafield tag="043" ind1=" " ind2=" ">
   <subfield code="a">cl-----</subfield>
  </datafield>
  <datafield tag="050" ind1="0" ind2="0">
   <subfield code="a">TD427.A77</subfield>
   <subfield code="b">N385 2009</subfield>
  </datafield>
  <datafield tag="082" ind1="0" ind2="0">
   <subfield code="a">615.925715</subfield>
  </datafield>
  <datafield tag="245" ind1="0" ind2="0">
   <subfield code="a">Natural arsenic in groundwaters of Latin America /</subfield>
   <subfield code="c">editors, J. Bundschuh ... [et al.].</subfield>
  </datafield>
  <datafield tag="260" ind1=" " ind2=" ">
   <subfield code="a">Boca Raton :</subfield>
   <subfield code="b">CRC Press,</subfield>
   <subfield code="c">c2009.</subfield>
  </datafield>
  <datafield tag="300" ind1=" " ind2=" ">
   <subfield code="a">&lt;v. 1&gt; :</subfield>
   <subfield code="b">il. ;</subfield>
   <subfield code="c">25 cm.</subfield>
  </datafield>
  <datafield tag="490" ind1="0" ind2=" ">
   <subfield code="a">Arsenic in the environment,</subfield>
   <subfield code="x">1876-6218</subfield>
  </datafield>
  <datafield tag="504" ind1=" " ind2=" ">
   <subfield code="a">Incluye referencias bibliográficas e índice.</subfield>
  </datafield>
  <datafield tag="650" ind1=" " ind2="0">
   <subfield code="a">Agua</subfield>
   <subfield code="2">agrovoc</subfield>
  </datafield>
  <datafield tag="650" ind1=" " ind2="0">
   <subfield code="a">Aguas subterráneas</subfield>
   <subfield code="z">América Latina</subfield>
   <subfield code="2">agrovoc</subfield>
  </datafield>
  <datafield tag="650" ind1=" " ind2="0">
   <subfield code="a">Arsénico</subfield>
   <subfield code="2">agrovoc</subfield>
  </datafield>
  <datafield tag="650" ind1=" " ind2="0">
   <subfield code="a">Calidad del agua</subfield>
   <subfield code="2">agrovoc</subfield>
  </datafield>
  <datafield tag="650" ind1=" " ind2="0">
   <subfield code="a">Polución del agua</subfield>
   <subfield code="2">agrovoc</subfield>
  </datafield>
  <datafield tag="700" ind1="1" ind2=" ">
   <subfield code="a">Bundschuh, Jochen.</subfield>
  </datafield>
  <datafield tag="856" ind1="4" ind2="1">
   <subfield code="3">Tabla de contenidos</subfield>
   <subfield code="u">http://www.loc.gov/catdir/toc/ecip0820/2008025441.html</subfield>
  </datafield>
  <datafield tag="859" ind1=" " ind2=" ">
   <subfield code="a">AR-BbBCA</subfield>
   <subfield code="b">BIB. AGRONOMIA</subfield>
   <subfield code="h">615.925715</subfield>
   <subfield code="i">B942</subfield>
   <subfield code="p">2016/6664</subfield>
  </datafield>
 </record>
</collection>
